Язык нечеткого управления; Промышленные АСУ и контроллеры; № 5

Dettagli Bibliografici
Parent link:Промышленные АСУ и контроллеры: ежемесячный научно-технический производственный журнал.— , 2002-
№ 5.— 2005.— С. 30-36
Autore principale: Деменков Н. П.
Lingua:russo
Pubblicazione: 2005
Serie:Математическое обеспечение АСУ
Soggetti:
Natura: Capitolo di libro
KOHA link:https://koha.lib.tpu.ru/cgi-bin/koha/opac-detail.pl?biblionumber=397707

MARC

LEADER 00000naa2a2200000 4500
001 397707
005 20231101064927.0
035 |a (RuTPU)RU\TPU\prd\37008 
090 |a 397707 
100 |a 20050707a2005 k y0rusy50 ca 
101 0 |a rus 
102 |a RU 
200 1 |a Язык нечеткого управления  |f Н. П. Деменков 
225 1 |a Математическое обеспечение АСУ 
320 |a Библиогр.: 4 назв. 
461 0 |0 (RuTPU)RU\TPU\prd\2287  |t Промышленные АСУ и контроллеры  |o ежемесячный научно-технический производственный журнал  |d 2002- 
463 0 |0 (RuTPU)RU\TPU\prd\36570  |t № 5  |v С. 30-36  |d 2005 
610 1 |a программное обеспечение 
610 1 |a нечеткое управление 
610 1 |a языки 
610 1 |a возможности 
610 1 |a стандарт IEC 61131-7 
700 1 |a Деменков  |b Н. П. 
801 1 |a RU  |b 63413507  |c 20050707  |g PSBO 
942 |c BK